Leaders of Russia by Picture - Statistics

General Stats
  • This quiz has been taken 66 times
  • The average score is 7 of 31
Answer Stats
Picture Hint Answer % Correct
1999-2008 | 2012-Present Vladimir Putin
95%
1990-1993 | 1993-1996 | 1996-1999 Boris Yeltsin
91%
2008-2012 Dmitry Medvedev
71%
1917 Alexander Kerensky
40%
1917 Lev Kamenev
36%
1917 Georgy Lvov
25%
1919-1920 Mikhail Kalinin
25%
1996 Viktor Chernomyrdin
22%
1917-1919 Yakov Sverdlov
20%
1993 Alexander Rutskoy
18%
1918-1920 Alexander Kolchak
16%
1938 Andrei Zhdanov
16%
1919-1920 Anton Denikin
16%
1920 Pyotr Wrangel
15%
1919 Mikhail Vladimirsky
13%
1944-1946 Nikolai Shvernik
13%
1918 Pyotr Vologodsky
13%
1985-1988 Vladimir Orlov
13%
1938-1943 Alexei Badayev
11%
1922-1923 Anatoly Pepelyayev
11%
1943-1944 | 1946-1950 Ivan Vlasov
11%
1950-1959 Mikhail Tarasov
11%
1966-1985 Mikhail Yasnov
11%
1918 Nikolai Avksentiev
11%
1959 | 1962-1966 Nikolai Ignatov
11%
1959-1962 Nikolai Organov
11%
1988-1990 Vitaly Vorotnikov
11%
1918 Pyotr Derber
9%
1922 Mikhail Diterikhs
7%
1921-1922 Spiridon Merkulov
7%
1918 Vladimir Vol'skii
4%
No matching quizzes found
Score Distribution
Percent of People with Each Score
Percentile by Number Answered
Your Score History
You have not taken this quiz